Normal view MARC view
  • Information storage and retrieval systems

Entry Topical Term

Number of records used in: 2

001 - CONTROL NUMBER

  • control field: 5874

003 - CONTROL NUMBER IDENTIFIER

  • control field: OSt

005 - DATE AND TIME OF LATEST TRANSACTION

  • control field: 20170518084309.0

008 - FIXED-LENGTH DATA ELEMENTS

  • fixed length control field: 170518|| aca||aabn | a|a d

040 ## - CATALOGING SOURCE

  • Original cataloging agency: OSt
  • Transcribing agency: OSt

150 ## - HEADING--TOPICAL TERM

  • Topical term or geographic name entry element: Information storage and retrieval systems
  • General subdivision: Business

670 ## - SOURCE DATA FOUND

  • Source citation: Work cat.: (OSt)0: Smith, Allen N. 5872, Advanced office systems /, 1986
Pusat Sumber Maklumat Dato' Haji Sarmin Md Hussin, Akademi Kastam Diraja Malaysia, Melaka
Tel: 06-2331106 | Faks: 06-2313787